| 000 | 01530nam a2200337 a 4500 | ||
|---|---|---|---|
| 005 | 20260322212029.0 | ||
| 008 | data | ||
| 010 | _a 85015762 | ||
| 020 |
_a088048067X (alk. paper) : _c{dollar}15.95 |
||
| 020 |
_a9780880480673 (alk. paper) : _c{dollar}15.95 |
||
| 040 |
_aDNLM/DLC _cDLC _dCStRLIN |
||
| 050 | 1 |
_aRJ506.P55 _bP67 1985 |
|
| 060 | _aWS 350.6 P8576 1984 | ||
| 096 | _aWS 350.6 P857b 1984 | ||
| 245 | 0 | 0 |
_aPost-traumatic stress disorder in children / _cedited by Spencer Eth, Robert S. Pynoos & American Psychiatric Association. |
| 260 | 0 |
_aWashington, DC : _bAmerican Psychiatric Press, _cc1985. |
|
| 300 |
_axvi, 186 p. : _bill. ; _c23 cm. |
||
| 490 | 1 | _aThe Progress in psychiatry series | |
| 500 | _aChapters originally presented at the 137th Annual Meeting of the American Psychiatric Association in Los Angeles in May 1984. | ||
| 504 | _aIncludes bibliographical references. | ||
| 590 | _aChapters originally presented at the 137th Annual Meeting of the American Psychiatric Association in Los Angeles in May 1984. | ||
| 590 | _aIncludes bibliographies. | ||
| 650 | 0 |
_aPost-traumatic stress disorder in children _vCongresses. |
|
| 650 | 2 |
_aStress Disorders, Post-Traumatic _xin infancy & childhood _vCongresses. |
|
| 700 | 1 |
_aEth, Spencer, _d1950- |
|
| 700 | 1 |
_aPynoos, Robert S., _d1947- |
|
| 710 | 2 |
_aAmerican Psychiatric Association. _d1984 : _bMeeting _n(137th : _cLos Angeles, Calif.) |
|
| 740 | 0 | 1 | _aPosttraumatic stress disorder in children. |
| 830 | 0 | _aProgress in psychiatry series. | |
| 001 | data | ||
| 999 |
_c660 _d660 |
||